000 00482nam a2200145Ia 4500
008 100122s9999 xx 000 0 und d
082 _b26283
_a823.08
100 _aखांबेटे द पां
245 _aबायकांचं गुपित
260 _bविश्वमोहिनी प्रकाशन
_c1978
300 _a212
630 _aबायकांचं गुपित
730 _aबायकांचं गुपित
942 _cBOOK
999 _c412786
_d412783